Amor, liberdade e solidão (Registo nº 21766)

Detalhes MARC
000 -Etiqueta do registo
Valores 00654nam a22002051i 4500
090 ## -
-- 21766
010 ## - Número ISBN
ISBN 9789727114740
100 ## - Dados gerais de processamento
Dados gerais 20170304u u u0frey50 ba
101 0# - Língua de publicação
-- por
200 1# - Titulo e menção de responsabilidade
Primeira menção de responsabilidade Osho
Título próprio Amor, liberdade e solidão
Informação de outro título uma nova visão dos relacionamentos
215 ## - Descrição física 
Paginação / Volumes 223, [1] p.
Dimensões 23 cm
210 ## - Publicação
Nome do editor Pergaminho
Data de publicação 2002
225 2# - Colecção 
Título próprio da colecção Palavras de Osho
300 ## - Notas gerais 
Texto da nota Exemplar nÇ 0031594 oferta de Jorge Araújo
410 #0 -
-- Palavras de Osho
702 #1 - Autor secundário (pessoa individual)
Apelido Pais
Nome Alexandre
-- 730
700 #1 - Autor principal (pessoa individual)
Apelido Osho
-- 070
Datas 1931-1990
996 ## - ISO2709
-- 0031594
-- OSH
-- 00000000
-- 00000000
-- BMVA
-- 1
-- Viana do Alentejo
-- Psicologia
-- 25
-- Livro
-- 0
-- 1
990 ## - Elementos KOHA
Tipo de documento Livro
Exemplares
Situação do levantamento Estado Biblioteca de origem Biblioteca de empréstimo Código de barras Cota Permissão de empréstimo Tipo de documento
  Completo Biblioteca Municipal de Viana Do Alentejo Biblioteca Municipal de Viana Do Alentejo 0027579 159.9 OSH Disponível Livro




Powered by Koha